01806nam a2200457 a 4500001001200000003000800012006001900020007001500039008004100054010001700095020003300112020001800145020002700163040002100190035002100211043001200232050002500244082001800269100002000287245009500307260006200402300001100464440002300475504006600498533015200564650007400716650005300790650005200843650004200895650003800937650003400975650002801009650002701037650002601064650002601090651004301116655002901159710001701188856012601205999001701331ebr10642208CaPaEBRm u cr cn|||||||||980714s1999 pau sb 001 0 eng d z 98011694  z0812234731 (acid-free paper) z9780812221749 z9780812207194 (e-book) aCaPaEBRcCaPaEBR a(OCoLC)833582420 ae-uk-en14aPR275.W6bL63 1999eb04a820.9/0012211 aLochrie, Karma.10aCovert operationsh[electronic resource] :bthe medieval uses of secrecy /cKarma Lochrie. aPhiladelphia :bUniversity of Pennsylvania Press,cc1999. a292 p. 0aMiddle Ages series aIncludes bibliographical references (p. [229]-286) and index. aElectronic reproduction.bPalo Alto, Calif. :cebrary,d2013.nAvailable via World Wide Web.nAccess may be limited to ebrary affiliated libraries. 0aEnglish literatureyMiddle English, 1100-1500xHistory and criticism. 0aWomen and literaturezEnglandxHistoryyTo 1500. 0aWomenzEnglandxHistoryyMiddle Ages, 500-1500. 0aMarriage customs and rites, Medieval. 0aScience, Medieval, in literature. 0aLaw, Medieval, in literature. 0aMarriage in literature. 0aSecrecy in literature. 0aGossip in literature. 0aSodomy in literature. 0aEnglandxSocial conditionsy1066-1485. 7aElectronic books.2local2 aebrary, Inc.40uhttp://site.ebrary.com/lib/rucke/Doc?id=10642208zAn electronic book accessible through the World Wide Web; click to view c32033d32033